000 01148nam a2200325 i 4500
003 DO-SdBPM
005 20251204124413.0
007 ta
008 230516b2022 dr ||||| |||| 00| 0 spa d
020 _a9789945510232
040 _aDO-SdBPM
_bspa
_cBPMSU
_erda
_d
082 4 _aRD863.44
_bG146i 2022
_222
100 1 _aGalán, Bismar,
_d1961-
_eautor
245 1 0 _aIsleña :
_buna historia de amor y sal /
_cBismar Galán ; corrección, Clara Dobarro.
264 _aSanto Domingo :
_bMinisterio de Cultura,
_c2022.
300 _a141 páginas
_bilustraciones ;
_c21 cm.
336 _atexto
_2rdacontent
_btxt
337 _asin mediación
_bn
_2rdamedia
338 _avolumen
_bnc
_2rdacarrier
490 0 _aNovela
500 _aIncluye datos biográficos del autor en la solapa de la cubierta
586 _aPremio Anual de Literatura Infantil y Juvenil Aurora Tavárez Belliard 2021.
590 _aInventariado, 2023/BT
650 7 _aNovela juvenil dominicana
650 7 _aNovela amorosa
650 7 _aLiteratura dominicana
700 1 _aDobarro, Clara,
_ecorrección
910 _aVMateo V. Control de calidad BPMSU
942 _2ddc
_cBK
999 _c15561
_d15561